| 000 | 01145nam a22002417a 4500 | ||
|---|---|---|---|
| 005 | 20100812122137.0 | ||
| 010 | _aENG-99952-100854 | ||
| 020 |
_a9788184351262 (set) _c3500.00 (set of 2 vols.) |
||
| 037 | _bDBAD/PUB | ||
| 082 | _a142.7 | ||
| 100 |
_aSingh, Mahendra _925143 |
||
| 245 |
_aPhenomenology and existentialism / _cby Mahendra Singh |
||
| 260 |
_aNew Delhi _bAdhyayan Publishers & Distributors _c2009 |
||
| 270 |
_a4378/4B, 105, J.M.D House , Murari Lal Street, Ansari Road, Daryaganj _bNew Delhi _e110002 |
||
| 300 |
_av.2 (xxi,332p, xvi,268p) _c24cm (Hb) |
||
| 500 | _aIncludes index | ||
| 505 | _av.2- Naked seashore : existential criticism | ||
| 650 |
_aExistentialism _925144 |
||
| 650 |
_aPhenomenology _925145 |
||
| 942 |
_2ddc _cEN _h142.7 _mSIN |
||
| 999 |
_c41292 _d41292 |
||